Central Library OPAC University of Rajshahi

Great Britain and Palestine / (Record no. 46325)

MARC details
000 -LEADER
fixed length control field 00918nam a2200277 a 4500
001 - CONTROL NUMBER
control field 46325
003 - CONTROL NUMBER IDENTIFIER
rucl marc code BD-RjUL
005 - DATE AND TIME OF LATEST TRANSACTION
control field 20211209054133.0
008 - FIXED-LENGTH DATA ELEMENTS--GENERAL INFORMATION
fixed length control field 160801s1937 enkabcf 001 0 eng d
035 ## - SYSTEM CONTROL NUMBER
System control number (BD-RjUL) 46443
System control number 2495533
040 ## - CATALOGING SOURCE
Original cataloging agency AAWM
Language of cataloging eng
Transcribing agency AAWM
Modifying agency BD-RjUL
-- ABN-SNR
041 ## - LANGUAGE CODE
Language code of text/sound track or separate title eng
082 04 - DEWEY DECIMAL CLASSIFICATION NUMBER
Classification number 956.9
Edition number 23
Author mark and year SIG 1937
100 1# - MAIN ENTRY--PERSONAL NAME
Personal name Sidebotham, Herbert,
Dates associated with a name 1872-1940.
9 (RLIN) 141468
245 10 - TITLE STATEMENT
Title Great Britain and Palestine /
Statement of responsibility, etc. by Herbert Sidebotham.
260 ## - PUBLICATION, DISTRIBUTION, ETC. (IMPRINT)
Place of publication, distribution, etc. London :
Name of publisher, distributor, etc. Macmillan,
Date of publication, distribution, etc. 1937.
300 ## - PHYSICAL DESCRIPTION
Pagination ix, 310 p., :
Illustrations ill.;
Size 23 cm.
500 ## - GENERAL NOTE
General note Includes index.
650 #0 - SUBJECT ADDED ENTRY--TOPICAL TERM
Topical term or geographic name as entry element Mandates
Geographic subdivision Palestine.
9 (RLIN) 129358
651 #0 - SUBJECT ADDED ENTRY--GEOGRAPHIC NAME
Geographic name Palestine
General subdivision History
Chronological subdivision 1917-1948.
9 (RLIN) 129361
Geographic name Palestine
General subdivision Politics and government
Chronological subdivision 1917-1948.
9 (RLIN) 141469
Geographic name Great Britain
General subdivision Foreign relations
Geographic subdivision Palestine.
9 (RLIN) 129359
Geographic name Palestine
General subdivision Foreign relations
Geographic subdivision Great Britain.
9 (RLIN) 129360
942 ## - ADDED ENTRY ELEMENTS (KOHA)
Source of classification or shelving scheme Dewey Decimal Classification
Koha item type Books
Holdings
Lost status Source of classification or shelving scheme Damaged status Not for loan Collection code Permanent Location Current Location Shelving location Date acquired Source of acquisition Cost, normal purchase price Total Checkouts Full call number Date last seen Copy number Koha item type
  Dewey Decimal Classification     Non-fiction Central Library, University of Rajshahi Central Library, University of Rajshahi   11/11/1966 Dr.A.I.Qhrishi 19.20   956.9 SIG 1937 01/08/2016 C-2 Books